PHARMACOGNOSY OF POWDERED CRUDE DRUGES (Record no. 268159)

MARC details
000 -LEADER
fixed length control field 00314pam a2200121a 44500
008 - FIXED-LENGTH DATA ELEMENTS--GENERAL INFORMATION
fixed length control field 230405s2022 xxu||||| |||| 00| 0 eng d
041 ## - LANGUAGE CODE
Language code of text/sound track or separate title ENG
100 ## - MAIN ENTRY--PERSONAL NAME
Personal name PROF.DR. M.A. IYENGAR
245 ## - TITLE STATEMENT
Title PHARMACOGNOSY OF POWDERED CRUDE DRUGES
260 ## - PUBLICATION, DISTRIBUTION, ETC.
Place of publication, distribution, etc. LONDON
Name of publisher, distributor, etc. PHARMACEUTICAL PRESS
Date of publication, distribution, etc. 2022
300 ## - PHYSICAL DESCRIPTION
Extent 63
906 ## - LOCAL DATA ELEMENT F, LDF (RLIN)
a 2720
Holdings
Withdrawn status Lost status Damaged status Not for loan Collection Home library Current library Date acquired Source of acquisition Cost, normal purchase price Total Checkouts Barcode Date last seen Price effective from Koha item type
          College of Pharmacy, Kolhapur College of Pharmacy, Kolhapur 14/04/2023 BHARATI MADHYVARTI SAHAKARI GRAHAK BHANDAR LTD 75.00   PCK-DI-8 14/04/2023 14/04/2023 Book